Top 3 NBA Scorers by Year of Birth (1990-2002) - Statistics

General Stats
  • This quiz has been taken 24 times
  • The average score is 24 of 39
Answer Stats
Year of birth PPG Answer % Correct
1999 21.0 Ja Morant
100%
2000 25.7 Zion Williamson
100%
1996 23.8 Donovan Mitchell
91%
1994 25.6 Joel Embiid
91%
1995 23.1 Karl-Anthony Towns
91%
1998 25.0 Trae Young
91%
1993 23.8 Anthony Davis
82%
1996 23.3 Devin Booker
82%
1994 21.6 Giannis Antetokounmpo
82%
1991 19.2 Kawhi Leonard
82%
1992 22.9 Kyrie Irving
82%
1999 26.1 Luka Doncic
82%
1990 20.4 Paul George
82%
1995 19.3 Andrew Wiggins
73%
2002 15.0 Jalen Green
73%
1998 20.5 Jayson Tatum
73%
2001 17.8 LaMelo Ball
73%
2001 20.2 Anthony Edwards
64%
1993 22.1 Bradley Beal
64%
2001 16.2 Cade Cunningham
64%
1991 19.1 CJ McCollum
64%
1990 24.6 Damian Lillard
64%
1997 18.8 De'Aaron Fox
64%
1994 17.6 Julius Randle
64%
1997 18.4 Brandon Ingram
55%
1996 17.8 D'Angelo Russell
55%
1995 19.7 Zach LaVine
55%
2000 16.5 Darius Garland
45%
1991 17.0 Khris Middleton
45%
2000 16.9 RJ Barrett
45%
1999 20.0 Collin Sexton
36%
2002 12.5 Josh Giddey
36%
1998 17.8 Shai Gilgeous-Alexander
36%
1992 17.5 Victor Oladipo
36%
1990 19.9 DeMarcus Cousins
27%
1997 16.6 John Collins
27%
2002 8.8 Alperen Sengun
18%
1992 16.4 Tobias Harris
18%
1993 15.5 TJ Warren
0%
No matching quizzes found
Score Distribution
Percent of People with Each Score
Percentile by Number Answered
Your Score History
You have not taken this quiz